Lovesick

Saved in:
Bibliographic Details
Main Author: Brampton
Format: Book
Published: LondonlbArrow Bookslc1995
Tags: Add Tag
No Tags, Be the first to tag this record!
Call Number :PZ 7. BRA 1995

MARC

LEADER 00000pam a2200000 4500
001 14368
003 MY-KLNDU
005 20241218060046.0
020 0 0 |a 0749318988 
035 |a 0000006329 
039 9 |y 200910081618  |z VLOAD 
090 0 0 |a PZ 7.  |b BRA 1995 
100 1 0 |a Brampton  |h Sally 
245 1 0 |a Lovesick  |c Sally Brampton 
260 0 0 |a LondonlbArrow Bookslc1995 
300 |a 313p.  |c 19cm 
999 |a vtls000013959  |c 14368  |d 14368